| 000 | 00819nam a2200265 4500 | ||
|---|---|---|---|
| 003 | OSt | ||
| 005 | 20260601193527.0 | ||
| 008 | 260420b2007 sp a|||| |||| 00| 0 spa d | ||
| 020 | _a9788496449386 | ||
| 040 |
_aICI _bspa _cICI |
||
| 050 |
_aTS171.6 _bA84 2007 |
||
| 100 | 1 |
_aArsenio, Óscar _935991 |
|
| 245 | 1 |
_aProductdesign / _cÓscar Arsenio ; redacción Katia Gimeno. |
|
| 260 |
_aBarcelona : _bReditar Libros, _c2007. |
||
| 264 |
_bReditar Libros World-wide Design _c2007 |
||
| 300 |
_a111 páginas _c20 cm. |
||
| 336 |
_atexto _2rdacontent |
||
| 337 |
_asin medio _2rdamedia |
||
| 338 |
_avolumen _2rdacarrier |
||
| 650 | 4 |
_aDiseño industrial _935992 |
|
| 650 | 4 |
_aProductos comerciales - _xDiseño _935993 |
|
| 650 | 4 |
_aProductos nuevos. _xDiseño _935994 |
|
| 700 | 1 |
_aGimeno, Katia _935995 |
|
| 942 |
_2lcc _cB |
||
| 999 |
_c21238 _d21238 |
||